000 03287cam a22005058i 4500
001 9781003376194
003 FlBoTFG
005 20250103113432.0
006 m o d
007 cr |||||||||||
008 220927s2023 flu ob 000 0 eng
040 _aOCoLC-P
_beng
_erda
_cOCoLC-P
020 _a9781003376194
_q(ebk)
020 _a1003376193
020 _a9781000850659
_q(electronic bk. : EPUB)
020 _a100085065X
_q(electronic bk. : EPUB)
020 _a9781000850642
_q(electronic bk. : PDF)
020 _a1000850641
_q(electronic bk. : PDF)
020 _z9781032452425
_q(hbk)
020 _z9781032452722
_q(pbk)
024 _a10.1201/9781003376194
_2doi
035 _a(OCoLC)1352247545
035 _a(OCoLC-P)1352247545
050 _aTC1650
072 _aTEC
_x021030
_2bisacsh
072 _aTEC
_x060000
_2bisacsh
072 _aTEC
_x055000
_2bisacsh
072 _aTGM
_2bicssc
082 _a620/.4162
_223/eng/20221128
245 _aCorrosion and protection of marine engineering materials :
_bapplication of conducting polymers and their composites /
_cedited by Yanhua Lei.
250 _aFirst edition.
260 _aBoca Raton :
_bCRC Press,
_c2023.
300 _a1 online resource
336 _atext
_btxt
_2rdacontent
337 _acomputer
_bc
_2rdamedia
338 _aonline resource
_bcr
_2rdacarrier
520 _a"This book provides a basic introduction to the application of conductive polymer in corrosion protection, especially for marine environment corrosion protection research. Conventional anticorrosive coatings which are based on heavy metals such as chromium, zinc and copper are toxic to the environment. There has been a need to find suitable replacement coatings that are environmentally friendly as well as effective in inhibiting corrosion of steel. Conductive polymers have garnered much attention recent years due to their environmentally benign nature and high effectiveness in protecting against corrosion. This book introduces the history of these conductive polymers. The applications of conducting polymers, polymer composites and nanocomposites for corrosion protection of different industrial metal substrates are explored based on reported experimental data and their mechanism of inhibition explained. This book also includes overviews of some recent works on marine antifouling, marine heavy-protective coatings, waterborne paints by conducting polymer and inorganic composites. Conducting polymers and its family of stimuli-actuated polymers exhibit excellent application prospects in the field of anticorrosion, antibacterial, anti-biofouling, and waterborne based coatings. This book will be of great interest to students, scholars, and professionals alike in the field of Corrosion Engineering and Material Science"--
_cProvided by publisher.
588 _aOCLC-licensed vendor bibliographic record.
650 _aOcean engineering
_xMaterials
_xProtection.
650 _aCorrosion and anticorrosives.
650 _aTECHNOLOGY / Textiles & Polymers
_2bisacsh
700 _aLei, Yanhua,
_d1982-
_eeditor.
856 _3Taylor & Francis
_uhttps://www.taylorfrancis.com/books/9781003376194
856 _3OCLC metadata license agreement
_uhttp://www.oclc.org/content/dam/oclc/forms/terms/vbrl-201703.pdf
999 _c12699
_d12699